[Event "DEN-chT 0607"]
[Site "Denmark"]
[Date "2007.03.04"]
[Round "7.1"]
[White "Matthiesen, Martin"]
[Black "Rasmussen, Casper Dahl"]
[Result "1/2-1/2"]
[WhiteElo "2342"]
[BlackElo "2357"]
[PlyCount "128"]
[EventDate "2006.11.04"]
[EventType "team"]
[EventRounds "9"]
[EventCountry "DEN"]
[Source "ChessBase"]
[SourceDate "2007.02.01"]
[WhiteTeam "SK 1968"]
[BlackTeam "Skolerne"]
[WhiteTeamCountry "DEN"]
[BlackTeamCountry "DEN"]

1. d4 d5 2. c4 c6 3. Nf3 Nf6 4. e3 a6 5. Nc3 b5 6. b3 Bg4 7. Be2 e6 8. O-O Nbd7
9. h3 Bh5 10. Bb2 Bd6 11. Ne5 Bxe2 12. Nxe2 bxc4 13. bxc4 Qb8 14. Nxd7 Qxb2 15.
Nxf6+ gxf6 16. Qa4 O-O 17. Qxc6 Qxe2 18. Qxd6 Qxc4 19. Qg3+ Kh8 20. Qh4 Kg7 21.
Qg3+ Kh8 22. Qh4 Kg7 23. Rfc1 Qd3 24. Rc7 Rab8 25. Rac1 Rb1 26. Qg3+ Kh8 27.
Qf4 Rxc1+ 28. Rxc1 Qg6 29. Qg4 Qd3 30. Qf4 Kg7 31. Qg3+ Kh8 32. Qf4 Qg6 33. Qg4
Qh6 34. Rc6 Rg8 35. Qf3 Ra8 36. Rc7 Qg6 37. Kh2 h6 38. g3 Kg7 39. Kg2 Rb8 40.
Ra7 Rb6 41. a4 h5 42. h4 Rc6 43. Kh2 Rc2 44. Kh3 Ra2 45. g4 hxg4+ 46. Qxg4
Qxg4+ 47. Kxg4 Rxa4 48. h5 a5 49. Kf4 Ra2 50. f3 a4 51. h6+ Kxh6 52. Rxf7 Kg6
53. Re7 a3 54. Rxe6 Ra1 55. Ra6 Kf7 56. e4 dxe4 57. Kxe4 Kg6 58. Kf4 Kf7 59.
Kf5 Ke7 60. f4 a2 61. Ra7+ Kd6 62. Kxf6 Rf1 63. Rxa2 Rxf4+ 64. Kg5 Rxd4 1/2-1/2

[Event "DEN-chT 0607"]
[Site "Denmark"]
[Date "2007.03.04"]
[Round "7.2"]
[White "Rasmussen, Karsten"]
[Black "Matthiesen, Arne"]
[Result "1-0"]
[WhiteElo "2463"]
[BlackElo "2338"]
[PlyCount "55"]
[EventDate "2006.11.04"]
[EventType "team"]
[EventRounds "9"]
[EventCountry "DEN"]
[Source "ChessBase"]
[SourceDate "2007.02.01"]
[WhiteTeam "Skolerne"]
[BlackTeam "SK 1968"]
[WhiteTeamCountry "DEN"]
[BlackTeamCountry "DEN"]

1. c4 e5 2. Nc3 Nf6 3. g3 Nc6 4. Bg2 Bc5 5. e3 d6 6. Nge2 a6 7. O-O Ba7 8. d4
O-O 9. h3 Re8 10. Kh2 h6 11. d5 Ne7 12. b4 c6 13. a4 cxd5 14. cxd5 Bd7 15. e4
Ng6 16. Qd3 Rc8 17. a5 Qc7 18. Be3 Bxe3 19. Qxe3 Qb8 20. Rfb1 Rc4 21. b5 Bxb5
22. Nxb5 axb5 23. Rxb5 Qc7 24. Qb3 Re7 25. Rxb7 Qxb7 26. Qxc4 Rc7 27. a6 Qa7
28. Qxc7 1-0

[Event "DEN-chT 0607"]
[Site "Denmark"]
[Date "2007.03.04"]
[Round "7.3"]
[White "Sobjerg, Erik"]
[Black "Vinther Schou, Uffe"]
[Result "0-1"]
[WhiteElo "2315"]
[BlackElo "2380"]
[PlyCount "98"]
[EventDate "2006.11.04"]
[EventType "team"]
[EventRounds "9"]
[EventCountry "DEN"]
[Source "ChessBase"]
[SourceDate "2007.02.01"]
[WhiteTeam "SK 1968"]
[BlackTeam "Skolerne"]
[WhiteTeamCountry "DEN"]
[BlackTeamCountry "DEN"]

1. e4 c5 2. Nf3 Nc6 3. Bb5 e6 4. Bxc6 bxc6 5. d3 Ne7 6. Ng5 Ng6 7. f4 Be7 8.
O-O f6 9. Nh3 O-O 10. c4 d5 11. Be3 Rb8 12. Qc2 d4 13. Bc1 Bd6 14. Nd2 Qc7 15.
g3 Nh8 16. Nf3 Nf7 17. Qe2 Bd7 18. Kh1 f5 19. e5 Be7 20. Nhg5 Nd8 21. Nh4 Be8
22. b3 h6 23. Nh3 Bxh4 24. gxh4 Qe7 25. Qf2 Nb7 26. Ba3 Rd8 27. Qg3 Bh5 28. Ng1
Rd7 29. Nf3 Qd8 30. Bc1 Qa5 31. Bb2 Kh7 32. Rf2 Nd8 33. Rg1 Rg8 34. a3 Qb6 35.
Nd2 a5 36. Bc1 Nf7 37. Rfg2 Nh8 38. Ne4 fxe4 39. dxe4 Qd8 40. f5 Qf8 41. Rf2
Rf7 42. Rgf1 Qd8 43. Bg5 Qd7 44. Bd2 Rgf8 45. Qd3 Qd8 46. Qg3 d3 47. f6 Qd4 48.
Rg2 Ng6 49. Rfg1 gxf6 0-1

[Event "DEN-chT 0607"]
[Site "Denmark"]
[Date "2007.03.04"]
[Round "7.4"]
[White "Christensen, Tobias"]
[Black "Bank, Pelle Rodkjaer"]
[Result "1-0"]
[WhiteElo "2330"]
[BlackElo "2260"]
[PlyCount "133"]
[EventDate "2006.11.04"]
[EventType "team"]
[EventRounds "9"]
[EventCountry "DEN"]
[Source "ChessBase"]
[SourceDate "2007.02.01"]
[WhiteTeam "Skolerne"]
[BlackTeam "SK 1968"]
[WhiteTeamCountry "DEN"]
[BlackTeamCountry "DEN"]

1. e4 g6 2. c4 Bg7 3. Nc3 c5 4. Nge2 Nc6 5. d3 d6 6. g3 Bd7 7. Bg2 Qc8 8. h3
Nf6 9. Be3 e5 10. Nb5 Qb8 11. O-O Nd4 12. a4 O-O 13. Nbxd4 cxd4 14. Bd2 Ne8 15.
b4 f5 16. exf5 gxf5 17. b5 Nf6 18. a5 a6 19. Rb1 axb5 20. cxb5 d5 21. f4 e4 22.
Nxd4 Qe8 23. dxe4 Nxe4 24. Be1 Rc8 25. Nf3 Kh8 26. Qxd5 Rc5 27. Qxb7 Bxb5 28.
Rf2 Rf7 29. Qb6 Rf6 30. Qa7 Rf7 31. Qb6 Rf6 32. Qa7 Ra6 33. Qb7 Nd6 34. Rxb5
Nxb7 35. Rxb7 Rc1 36. Rf1 h6 37. Rb6 Rxb6 38. axb6 Rb1 39. Bf2 Rxf1+ 40. Bxf1
Qc6 41. Kg2 Bf8 42. Bd4+ Bg7 43. Bf2 Bc3 44. Bd3 Ba5 45. Bd4+ Kg8 46. Bxf5 Bxb6
47. Bxb6 Qxb6 48. g4 Qe3 49. Kg3 Kg7 50. Bd7 Qd3 51. Be8 Qe3 52. Bh5 Kf6 53. h4
Ke6 54. Be8 Kd5 55. Bf7+ Ke4 56. Bg6+ Kd5 57. g5 Qb6 58. h5 hxg5 59. fxg5 Qd6+
60. Kf2 Qb6+ 61. Kg2 Qb2+ 62. Kg3 Qb8+ 63. Kh3 Qb6 64. Bf5 Qf2 65. Kg4 Qb2 66.
h6 Qb4+ 67. Kg3 1-0

[Event "DEN-chT 0607"]
[Site "Denmark"]
[Date "2007.03.04"]
[Round "7.5"]
[White "Lindfeldt, Jan Magnus"]
[Black "Pedersen, Finn"]
[Result "1-0"]
[WhiteElo "2210"]
[BlackElo "2300"]
[PlyCount "69"]
[EventDate "2006.11.04"]
[EventType "team"]
[EventRounds "9"]
[EventCountry "DEN"]
[Source "ChessBase"]
[SourceDate "2007.02.01"]
[WhiteTeam "SK 1968"]
[BlackTeam "Skolerne"]
[WhiteTeamCountry "DEN"]
[BlackTeamCountry "DEN"]

1. e4 c6 2. d4 d5 3. e5 Bf5 4. Nf3 e6 5. Be2 Nd7 6. O-O Ne7 7. Nbd2 c5 8. c4
cxd4 9. Nxd4 Nxe5 10. cxd5 Qxd5 11. Qa4+ N5c6 12. Nc4 O-O-O 13. Nb5 Qc5 14. Be3
Qb4 15. Nxa7+ Kd7 16. Ne5+ Ke8 17. Qxb4 Nxb4 18. Bb5+ Nec6 19. Naxc6 bxc6 20.
Nxc6 Bd3 21. Rfd1 Nxc6 22. Bxd3 Rb8 23. a4 Nb4 24. Bb5+ Ke7 25. Bg5+ f6 26.
Rd7+ Ke8 27. Rb7+ Kd8 28. Rxb8+ Kc7 29. Bf4+ e5 30. Re8 exf4 31. Rd1 Nc6 32.
Bxc6 Kxc6 33. Rdd8 Be7 34. Rxh8 Bxd8 35. Rxd8 1-0

[Event "DEN-chT 0607"]
[Site "Denmark"]
[Date "2007.03.04"]
[Round "7.7"]
[White "Hansen, Bjarne"]
[Black "Jacobsen, Bo"]
[Result "0-1"]
[WhiteElo "2241"]
[BlackElo "2307"]
[PlyCount "126"]
[EventDate "2006.11.04"]
[EventType "team"]
[EventRounds "9"]
[EventCountry "DEN"]
[Source "ChessBase"]
[SourceDate "2007.02.01"]
[WhiteTeam "SK 1968"]
[BlackTeam "Skolerne"]
[WhiteTeamCountry "DEN"]
[BlackTeamCountry "DEN"]

1. d4 Nf6 2. c4 c5 3. d5 e5 4. Nc3 d6 5. e4 Nbd7 6. Nf3 Be7 7. Be2 Nf8 8. O-O
Ng6 9. Ne1 h5 10. Nd3 h4 11. Rb1 O-O 12. b4 b6 13. bxc5 bxc5 14. Bd2 Bd7 15.
Rb3 Nh7 16. Bg4 Bg5 17. Bxd7 Qxd7 18. Bxg5 Nxg5 19. Qh5 Qe7 20. Qg4 Rab8 21.
Rfb1 Rxb3 22. Rxb3 Nh7 23. Nd1 Qc7 24. Ne3 Nf6 25. Qf3 Rb8 26. Nf5 h3 27. Qxh3
Nxe4 28. Qe3 Nf6 29. Qe1 a5 30. Qb1 Rxb3 31. Qxb3 Qd7 32. Qb8+ Kh7 33. Ne3 e4
34. Nc1 Ng4 35. Qb5 Qc8 36. Qc6 Qb8 37. Qb5 Qc8 38. Qxa5 Nxe3 39. fxe3 Ne5 40.
Qc3 Qa6 41. Qc2 f5 42. Nb3 Qxc4 43. Qxc4 Nxc4 44. a4 Kg6 45. Kf2 Kf6 46. a5 Ke5
47. a6 Kxd5 48. a7 Nb6 49. Na5 Na8 50. g4 fxg4 51. Kg3 c4 52. Kxg4 c3 53. Kf5
c2 54. Nb3 Kc4 55. Nc1 d5 56. Ke5 Nb6 57. h4 Kc3 58. Kd6 Nc8+ 59. Kxd5 Nxa7 60.
Kxe4 Nc6 61. Kf3 Nb4 62. Ke2 Kb2 63. Kd2 Nd5 0-1

[Event "DEN-chT 0607"]
[Site "Denmark"]
[Date "2007.03.04"]
[Round "7.8"]
[White "Hagen, Andreas Skytte"]
[Black "Alkaersig, Ole"]
[Result "1/2-1/2"]
[WhiteElo "2259"]
[BlackElo "2194"]
[PlyCount "93"]
[EventDate "2006.11.04"]
[EventType "team"]
[EventRounds "9"]
[EventCountry "DEN"]
[Source "ChessBase"]
[SourceDate "2007.02.01"]
[WhiteTeam "Skolerne"]
[BlackTeam "SK 1968"]
[WhiteTeamCountry "DEN"]
[BlackTeamCountry "DEN"]

1. Nf3 c5 2. c4 Nc6 3. d4 cxd4 4. Nxd4 g6 5. e4 Bg7 6. Be3 Nf6 7. Nc3 d6 8. Be2
O-O 9. O-O Nxd4 10. Bxd4 Bd7 11. Qd2 Bc6 12. f3 Nd7 13. Be3 a5 14. b3 Nc5 15.
Rab1 Qb6 16. Rfc1 Rfc8 17. Rc2 Qd8 18. Bf1 h5 19. a3 Qf8 20. b4 axb4 21. axb4
Na4 22. Ne2 Kh7 23. Nd4 Bd7 24. Nb3 Bh6 25. Ra1 Bxe3+ 26. Qxe3 Qh6 27. Qxh6+
Kxh6 28. Rca2 Kg7 29. Ra3 Kf6 30. c5 b5 31. Nd4 Rab8 32. Bxb5 Bxb5 33. Nxb5
Rxb5 34. Rxa4 dxc5 35. bxc5 Rbxc5 36. h4 R8c7 37. Kh2 Rc2 38. R4a2 Rxa2 39.
Rxa2 Rb7 40. Kg3 Rc7 41. Kf4 e5+ 42. Kg3 Rb7 43. Ra6+ Kg7 44. Rd6 Rb2 45. Rd5
Kf6 46. Rd6+ Kg7 47. Rd5 1/2-1/2

[Event "DEN-chT 0607"]
[Site "Denmark"]
[Date "2007.03.24"]
[Round "8.1"]
[White "Pedersen, Nicolai Vesterbaek"]
[Black "Nielsen, Peter Heine"]
[Result "0-1"]
[WhiteElo "2492"]
[BlackElo "2655"]
[PlyCount "84"]
[EventDate "2006.11.04"]
[EventType "team"]
[EventRounds "9"]
[EventCountry "DEN"]
[Source "ChessBase"]
[SourceDate "2007.02.01"]
[WhiteTeam "Aalborg"]
[BlackTeam "Helsinge"]
[WhiteTeamCountry "DEN"]
[BlackTeamCountry "DEN"]

1. Nf3 c5 2. c4 Nf6 3. Nc3 d5 4. cxd5 Nxd5 5. g3 g6 6. Bg2 Nc6 7. Qb3 Nc7 8.
Ne4 Ne6 9. Nfg5 Ncd4 10. Qd1 Nxg5 11. Nxg5 Bg7 12. O-O O-O 13. d3 Qb6 14. Nf3
Be6 15. Nxd4 Bxd4 16. Bg5 f6 17. Bd2 Rfd8 18. Qc2 c4 19. Bc3 Rac8 20. Rad1 cxd3
21. Rxd3 Bxa2 22. Qa4 Bb3 23. Bxd4 Bxa4 24. Bxb6 Rxd3 25. exd3 axb6 26. Bxb7
Rc2 27. Bd5+ Kg7 28. Ra1 Bb5 29. Ra7 Re2 30. Bc4 Re1+ 31. Kg2 Bc6+ 32. f3 Re2+
33. Kf1 Rxh2 34. Rxe7+ Kh6 35. Bg8 Rxb2 36. Rxh7+ Kg5 37. Be6 Bxf3 38. d4 f5
39. d5 Rd2 40. Rd7 Kg4 41. Ke1 Re2+ 42. Kf1 Kxg3 0-1

[Event "DEN-chT 0607"]
[Site "Denmark"]
[Date "2007.03.24"]
[Round "8.2"]
[White "Schandorff, Lars"]
[Black "Pedersen, Erik"]
[Result "1-0"]
[WhiteElo "2539"]
[BlackElo "2420"]
[PlyCount "99"]
[EventDate "2006.11.04"]
[EventType "team"]
[EventRounds "9"]
[EventCountry "DEN"]
[Source "ChessBase"]
[SourceDate "2007.02.01"]
[WhiteTeam "Helsinge"]
[BlackTeam "Aalborg"]
[WhiteTeamCountry "DEN"]
[BlackTeamCountry "DEN"]

1. d4 Nf6 2. c4 c5 3. d5 e6 4. Nc3 exd5 5. cxd5 d6 6. e4 g6 7. h3 Bg7 8. Nf3
O-O 9. Bd3 Nh5 10. O-O Nd7 11. Bg5 Bf6 12. Be3 Re8 13. Qd2 Ne5 14. Be2 Nxf3+
15. Bxf3 Ng7 16. Rab1 Be5 17. b4 b6 18. Bf4 Qf6 19. Bxe5 Rxe5 20. Be2 g5 21.
bxc5 bxc5 22. Rb3 Qg6 23. g4 h5 24. Rfb1 hxg4 25. hxg4 Ne8 26. Rb8 Rxb8 27.
Rxb8 Bd7 28. f3 Kg7 29. Rb7 Nf6 30. Rxa7 Qh6 31. Bf1 Qh4 32. Qf2 Qh8 33. Qb2
Qh4 34. Qf2 Qh8 35. Rb7 Qc8 36. Qb2 Re8 37. Bg2 Rh8 38. Qb6 Qf8 39. a4 Qe7 40.
Qb2 Qe5 41. Nd1 Qg3 42. Qc3 Rh2 43. Rb2 Kg6 44. a5 Rh4 45. a6 Bxg4 46. fxg4
Qh2+ 47. Kf1 Nxg4 48. a7 Rh8 49. Rb8 Qf4+ 50. Ke1 1-0

[Event "DEN-chT 0607"]
[Site "Denmark"]
[Date "2007.03.24"]
[Round "8.3"]
[White "Jakobsen, Lars Veno"]
[Black "Berg, Emanuel"]
[Result "1/2-1/2"]
[WhiteElo "2304"]
[BlackElo "2556"]
[PlyCount "67"]
[EventDate "2006.11.04"]
[EventType "team"]
[EventRounds "9"]
[EventCountry "DEN"]
[Source "ChessBase"]
[SourceDate "2007.02.01"]
[WhiteTeam "Aalborg"]
[BlackTeam "Helsinge"]
[WhiteTeamCountry "DEN"]
[BlackTeamCountry "DEN"]

1. c4 Nf6 2. Nc3 e6 3. Nf3 d5 4. d4 c6 5. Bg5 Nbd7 6. e3 Be7 7. cxd5 exd5 8.
Bd3 O-O 9. O-O Re8 10. Qc2 Nf8 11. Rab1 Ne4 12. Bxe7 Qxe7 13. Bxe4 dxe4 14. Nd2
Bf5 15. f3 Qg5 16. f4 Qe7 17. Ne2 Nd7 18. Ng3 Be6 19. b3 f5 20. Rbc1 g6 21. Nc4
Bxc4 22. bxc4 c5 23. d5 Nf6 24. h3 Red8 25. Rb1 Ne8 26. Ne2 Nd6 27. Rfc1 h5 28.
Qa4 Kh7 29. Qa3 Rdc8 30. Qc3 Re8 31. Qa3 Rec8 32. Qc3 Re8 33. Qa3 Rec8 34. Qc3
1/2-1/2

[Event "DEN-chT 0607"]
[Site "Denmark"]
[Date "2007.03.24"]
[Round "8.4"]
[White "Hutters, Tomas"]
[Black "Meyer, Lars"]
[Result "1-0"]
[WhiteElo "2426"]
[BlackElo "2239"]
[PlyCount "137"]
[EventDate "2006.11.04"]
[EventType "team"]
[EventRounds "9"]
[EventCountry "DEN"]
[Source "ChessBase"]
[SourceDate "2007.02.01"]
[WhiteTeam "Helsinge"]
[BlackTeam "Aalborg"]
[WhiteTeamCountry "DEN"]
[BlackTeamCountry "DEN"]

1. Nf3 Nf6 2. c4 e6 3. g3 d5 4. d4 c6 5. Bg2 Nbd7 6. Qc2 Bd6 7. O-O O-O 8. Nbd2
Re8 9. b3 e5 10. cxd5 cxd5 11. dxe5 Nxe5 12. Bb2 Bd7 13. Nxe5 Bxe5 14. Bxe5
Rxe5 15. Nf3 Re7 16. Nd4 Rc8 17. Qb2 Be6 18. e3 Qb6 19. Rac1 Rec7 20. Ne2 h6
21. Rxc7 Rxc7 22. Rc1 Rxc1+ 23. Qxc1 Kf8 24. Nd4 a6 25. f3 Ke7 26. Bf1 Ne8 27.
g4 Qc7 28. Qb2 f6 29. Kg2 Nd6 30. Bd3 Nf7 31. Bf5 Nd8 32. Qa3+ Kf7 33. Qb4 Bxf5
34. Nxf5 h5 35. Qd6 Qxd6 36. Nxd6+ Ke6 37. Ne8 Kf7 38. Nc7 hxg4 39. fxg4 d4 40.
exd4 Nc6 41. d5 Nb4 42. a4 Ke7 43. h4 Nd3 44. Ne6 g6 45. h5 Ne5 46. h6 Nf7 47.
h7 Kd6 48. Nd8 Nh8 49. Nxb7+ Kxd5 50. Kf3 Kc6 51. Na5+ Kc5 52. Ke4 Nf7 53. Kd3
Kb4 54. Nc6+ Kxb3 55. Nd8 Nh8 56. Kd4 Kxa4 57. Kd5 Kb5 58. Ke6 f5 59. gxf5 gxf5
60. Kxf5 a5 61. Nf7 Nxf7 62. Kf6 Nd6 63. h8=Q Nc4 64. Ke6 a4 65. Qc3 a3 66. Kd5
Nb6+ 67. Kd4 Ka4 68. Qc6+ Ka5 69. Qc5+ 1-0

[Event "DEN-chT 0607"]
[Site "Denmark"]
[Date "2007.03.24"]
[Round "8.5"]
[White "Hellegaard, Carsten"]
[Black "Fries Nielsen, Niels Jorgen"]
[Result "1/2-1/2"]
[WhiteElo "2230"]
[BlackElo "2406"]
[PlyCount "30"]
[EventDate "2006.11.04"]
[EventType "team"]
[EventRounds "9"]
[EventCountry "DEN"]
[Source "ChessBase"]
[SourceDate "2007.02.01"]
[WhiteTeam "Aalborg"]
[BlackTeam "Helsinge"]
[WhiteTeamCountry "DEN"]
[BlackTeamCountry "DEN"]

1. d4 Nf6 2. c4 d6 3. Nc3 g6 4. e4 Bg7 5. f3 Nfd7 6. Be3 c5 7. Nge2 Nc6 8. Qd2
cxd4 9. Nxd4 Qa5 10. Be2 Nxd4 11. Bxd4 Bxd4 12. Qxd4 Qe5 13. Qd2 Nb6 14. b3 f5
15. O-O O-O 1/2-1/2

[Event "DEN-chT 0607"]
[Site "Denmark"]
[Date "2007.03.24"]
[Round "8.6"]
[White "Bekker Jensen, Simon"]
[Black "Nielsen, Jorgen G"]
[Result "1-0"]
[WhiteElo "2372"]
[BlackElo "2186"]
[PlyCount "105"]
[EventDate "2006.11.04"]
[EventType "team"]
[EventRounds "9"]
[EventCountry "DEN"]
[Source "ChessBase"]
[SourceDate "2007.02.01"]
[WhiteTeam "Helsinge"]
[BlackTeam "Aalborg"]
[WhiteTeamCountry "DEN"]
[BlackTeamCountry "DEN"]

1. d4 Nf6 2. c4 e6 3. Nc3 Bb4 4. e3 c5 5. Nge2 d5 6. a3 Bxc3+ 7. Nxc3 cxd4 8.
exd4 Nc6 9. c5 O-O 10. Be3 b6 11. cxb6 axb6 12. Be2 Ba6 13. Nb5 Ng4 14. O-O e5
15. Rc1 Qh4 16. Bxg4 Bxb5 17. Bd7 exd4 18. Bxc6 Bxc6 19. Bxd4 Ba4 20. Qd2 Rab8
21. Be5 Rbd8 22. Bc7 Rd7 23. Bxb6 d4 24. Qb4 Rb7 25. Qxd4 Qxd4 26. Bxd4 Rb3 27.
Bc3 Re8 28. Rfe1 f6 29. f3 Kf7 30. Kf2 Rb6 31. Rxe8 Bxe8 32. Bb4 Rb7 33. Ke3
Ke6 34. Rd1 Rc7 35. Rd6+ Kf7 36. Rd2 Bb5 37. Kd4 Ke6 38. b3 Ba6 39. Bc5 Rd7+
40. Kc3 Rc7 41. Rd6+ Ke5 42. Rxa6 Rxc5+ 43. Kb2 Rd5 44. Rc6 h5 45. b4 Rd2+ 46.
Rc2 Rd3 47. a4 g5 48. h3 f5 49. a5 g4 50. fxg4 hxg4 51. hxg4 fxg4 52. a6 Rd6
53. Rc5+ 1-0

[Event "DEN-chT 0607"]
[Site "Denmark"]
[Date "2007.03.24"]
[Round "8.7"]
[White "Hjorth, Torben"]
[Black "Nilssen, John Arni"]
[Result "1/2-1/2"]
[WhiteElo "2158"]
[BlackElo "2377"]
[PlyCount "109"]
[EventDate "2006.11.04"]
[EventType "team"]
[EventRounds "9"]
[EventCountry "DEN"]
[Source "ChessBase"]
[SourceDate "2007.02.01"]
[WhiteTeam "Aalborg"]
[BlackTeam "Helsinge"]
[WhiteTeamCountry "DEN"]
[BlackTeamCountry "DEN"]

1. e4 c5 2. Nf3 Nc6 3. Bb5 g6 4. Bxc6 dxc6 5. d3 Bg7 6. Nc3 b6 7. h3 e5 8. Be3
Ne7 9. Qd2 h6 10. Nh2 Be6 11. f4 exf4 12. Bxf4 g5 13. Be3 Qd6 14. Nf3 Ng6 15.
O-O O-O 16. a4 Rad8 17. a5 Bd4 18. axb6 axb6 19. Ne2 Bg7 20. Ra7 Qb8 21. Raa1
Qc7 22. Nc3 f5 23. exf5 Bxf5 24. Rae1 c4 25. d4 b5 26. Kh1 Qd7 27. Rd1 Ne7 28.
Qe2 Qe6 29. Rde1 Rde8 30. Bg1 Qg6 31. Ne5 Bxe5 32. dxe5 Bxc2 33. Rxf8+ Rxf8 34.
e6 Bd3 35. Qe5 Nf5 36. e7 Re8 37. Bc5 Qf7 38. Kh2 Nh4 39. Re3 Ng6 40. Qc7 Qf4+
41. Qxf4 gxf4 42. Re6 Kf7 43. Rxc6 Nxe7 44. Rc7 Ke6 45. Bxe7 Rxe7 46. Rxe7+
Kxe7 47. Nxb5 Ke6 48. Kg1 Ke5 49. Kf2 Be4 50. Nc3 Bc6 51. Ne2 Ke4 52. Nc3+ Kd3
53. Ne2 Ke4 54. Nc3+ Kd3 55. Ne2 1/2-1/2

[Event "DEN-chT 0607"]
[Site "Denmark"]
[Date "2007.03.24"]
[Round "8.8"]
[White "Lauridsen, Jesper Morch"]
[Black "Sonderstrup, Bjarne"]
[Result "1-0"]
[WhiteElo "2272"]
[BlackElo "1970"]
[PlyCount "59"]
[EventDate "2006.11.04"]
[EventType "team"]
[EventRounds "9"]
[EventCountry "DEN"]
[Source "ChessBase"]
[SourceDate "2007.02.01"]
[WhiteTeam "Helsinge"]
[BlackTeam "Aalborg"]
[WhiteTeamCountry "DEN"]
[BlackTeamCountry "DEN"]

1. e4 c5 2. Nf3 Nc6 3. d4 cxd4 4. Nxd4 Nf6 5. Nc3 e5 6. Ndb5 d6 7. Nd5 Nxd5 8.
exd5 Ne7 9. c3 a6 10. Qa4 axb5 11. Bxb5+ Bd7 12. Bxd7+ Qxd7 13. Qxa8+ Nc8 14.
O-O Be7 15. a4 O-O 16. a5 Nb6 17. Qa7 Nc8 18. Qe3 h6 19. f4 Bf6 20. Qd3 Re8 21.
fxe5 Bxe5 22. Bf4 Qc7 23. Rfe1 Qd8 24. Bxe5 dxe5 25. c4 Qe7 26. Rad1 Qc5+ 27.
Qe3 Qxc4 28. d6 Rd8 29. Qxe5 Qa4 30. d7 1-0

[Event "DEN-chT 0607"]
[Site "Denmark"]
[Date "2007.03.24"]
[Round "8.1"]
[White "Rasmussen, Casper Dahl"]
[Black "Ost Hansen, Jacob"]
[Result "1-0"]
[WhiteElo "2357"]
[BlackElo "2439"]
[PlyCount "141"]
[EventDate "2006.11.04"]
[EventType "team"]
[EventRounds "9"]
[EventCountry "DEN"]
[Source "ChessBase"]
[SourceDate "2007.02.01"]
[WhiteTeam "Skolerne"]
[BlackTeam "K41"]
[WhiteTeamCountry "DEN"]
[BlackTeamCountry "DEN"]

1. Nf3 c5 2. c4 g6 3. e4 Bg7 4. d4 Qb6 5. dxc5 Qxc5 6. Bd3 d6 7. O-O Nf6 8. Nc3
O-O 9. Be3 Qa5 10. h3 Nc6 11. a3 Be6 12. Nd5 Nd7 13. b4 Qd8 14. Rc1 a5 15. Qb3
axb4 16. axb4 Bxd5 17. exd5 Nce5 18. Nxe5 Nxe5 19. Be2 b6 20. f4 Nd7 21. Bf3
Qc7 22. Rfe1 Rfe8 23. g4 Qa7 24. g5 Qa3 25. Rb1 Reb8 26. Kg2 Qxb3 27. Rxb3 Ra7
28. Bf2 Kf8 29. h4 h5 30. Be4 Rc8 31. Bd3 Ra2 32. Kg3 Rca8 33. Bb1 Rb2 34. Ree3
Ra1 35. Rxb2 Bxb2 36. Bc2 Bd4 37. Rf3 Bxf2+ 38. Rxf2 Ra3+ 39. Rf3 Rxf3+ 40.
Kxf3 Nb8 41. Bd3 Nd7 42. Ke3 Ke8 43. Kd4 Kd8 44. Kc3 Kc7 45. Kb3 b5 46. cxb5
Nb6 47. Be4 Kd8 48. f5 gxf5 49. Bxf5 Nxd5 50. Be4 Nf4 51. b6 Kc8 52. Kc4 Ng6
53. Kb5 e6 54. Bf3 Nxh4 55. Bxh5 Ng6 56. Kc6 d5 57. Be2 Nf4 58. Bg4 Kb8 59. Kd7
Ng6 60. Ke8 Ne5 61. Bh5 d4 62. Ke7 d3 63. Kf6 Ng6 64. Kxf7 Nf4 65. Bf3 Nh3 66.
g6 Ng5+ 67. Kf6 Nxf3 68. g7 d2 69. g8=Q+ Kb7 70. Qd8 e5 71. Qd5+ 1-0

[Event "DEN-chT 0607"]
[Site "Denmark"]
[Date "2007.03.24"]
[Round "8.2"]
[White "Lund, Silas"]
[Black "Rasmussen, Karsten"]
[Result "1/2-1/2"]
[WhiteElo "2329"]
[BlackElo "2463"]
[PlyCount "143"]
[EventDate "2006.11.04"]
[EventType "team"]
[EventRounds "9"]
[EventCountry "DEN"]
[Source "ChessBase"]
[SourceDate "2007.02.01"]
[WhiteTeam "K41"]
[BlackTeam "Skolerne"]
[WhiteTeamCountry "DEN"]
[BlackTeamCountry "DEN"]

1. d4 d5 2. c4 e6 3. Nc3 c6 4. e3 Nf6 5. Nf3 Nbd7 6. Bd3 dxc4 7. Bxc4 b5 8. Be2
Bb7 9. O-O a6 10. e4 c5 11. e5 Nd5 12. a4 b4 13. Ne4 h6 14. Nfd2 Be7 15. Nc4
O-O 16. Ncd6 Bxd6 17. Nxd6 Bc6 18. a5 Qc7 19. Bc4 cxd4 20. Qxd4 Qa7 21. Qxa7
Rxa7 22. f4 f6 23. exf6 Rxf6 24. Ne4 Rf8 25. Bd2 Bb5 26. Rac1 N7f6 27. Nc5 Rc8
28. Bxb5 axb5 29. Nb3 Rc4 30. Rfe1 Kf7 31. h3 Nh5 32. f5 exf5 33. Re5 Nhf6 34.
Rxf5 Ke6 35. Rff1 Ne4 36. Rfe1 Kf5 37. Rxc4 bxc4 38. Nd4+ Ke5 39. Nc6+ Kd6 40.
Nxa7 Nxd2 41. Kf2 Kc5 42. Re8 b3 43. Ke2 c3 44. Rc8+ Kd6 45. Rc6+ Ke5 46. Rxc3
Nxc3+ 47. Kxd2 Na4 48. a6 Nxb2 49. Nc6+ Kd6 50. Na5 Na4 51. Nxb3 Kc7 52. Kd3
Kb6 53. Kd4 Nb2 54. Nc5 g5 55. g3 Nd1 56. h4 gxh4 57. gxh4 h5 58. Ne6 Kxa6 59.
Nf4 Kb6 60. Nxh5 Kc6 61. Ke5 Kd7 62. Kf6 Ne3 63. Ng7 Nd5+ 64. Ke5 Ne3 65. Kf6
Nd5+ 66. Kf7 Nf4 67. Nf5 Kd8 68. Nd4 Kd7 69. Ne2 Nxe2 70. h5 Nd4 71. h6 Ne6 72.
h7 1/2-1/2

[Event "DEN-chT 0607"]
[Site "Denmark"]
[Date "2007.03.24"]
[Round "8.3"]
[White "Sorensen, Jan"]
[Black "Schmidt, Kristen"]
[Result "1-0"]
[WhiteElo "2416"]
[BlackElo "2322"]
[PlyCount "73"]
[EventDate "2006.11.04"]
[EventType "team"]
[EventRounds "9"]
[EventCountry "DEN"]
[Source "ChessBase"]
[SourceDate "2007.02.01"]
[WhiteTeam "Skolerne"]
[BlackTeam "K41"]
[WhiteTeamCountry "DEN"]
[BlackTeamCountry "DEN"]

1. d4 Nf6 2. Bg5 Ne4 3. Bf4 c5 4. f3 Nf6 5. dxc5 Qa5+ 6. Qd2 Qxc5 7. e4 d6 8.
Nc3 g6 9. O-O-O Bd7 10. g4 h6 11. Kb1 Bg7 12. Nd5 Nxd5 13. exd5 Qb6 14. c3 Na6
15. Bxa6 Qxa6 16. Ne2 O-O-O 17. Nd4 Qc4 18. Nb3 f5 19. g5 hxg5 20. Bxg5 Rde8
21. Be3 Rh3 22. Qg2 f4 23. Bxa7 Bf5+ 24. Ka1 Kd7 25. Nc1 b6 26. Bxb6 Qxc3 27.
Nd3 Qc4 28. Rc1 Qb5 29. Rc7+ Kd8 30. Rc6+ Kd7 31. Rc7+ Kd8 32. Rb7+ Kc8 33.
Qc2+ Qc5 34. Nxc5 Bxc2 35. Rc7+ Kb8 36. Na6+ Ka8 37. Ra7# 1-0

[Event "DEN-chT 0607"]
[Site "Denmark"]
[Date "2007.03.24"]
[Round "8.4"]
[White "Greger, Roland Reinhard"]
[Black "Vinther Schou, Uffe"]
[Result "1-0"]
[WhiteElo "2332"]
[BlackElo "2380"]
[PlyCount "89"]
[EventDate "2006.11.04"]
[EventType "team"]
[EventRounds "9"]
[EventCountry "DEN"]
[Source "ChessBase"]
[SourceDate "2007.02.01"]
[WhiteTeam "K41"]
[BlackTeam "Skolerne"]
[WhiteTeamCountry "DEN"]
[BlackTeamCountry "DEN"]

1. e4 c5 2. c3 Nf6 3. e5 Nd5 4. Nf3 d6 5. d4 cxd4 6. Qxd4 e6 7. exd6 Nc6 8. Bb5
Bd7 9. Qg4 Nf6 10. Qh4 Bxd6 11. Bg5 Qb6 12. a4 Ne7 13. Bxf6 Bxb5 14. axb5 Nf5
15. Qa4 gxf6 16. Nbd2 O-O 17. O-O a6 18. bxa6 Rxa6 19. Qg4+ Kh8 20. Nc4 Qa7 21.
Rxa6 Qxa6 22. Nxd6 Qxd6 23. Nh4 Ne7 24. Qf3 f5 25. Rd1 Qc7 26. g3 Nc6 27. Qe3
Rd8 28. Rxd8+ Qxd8 29. Qc5 Kg7 30. Nf3 Kf6 31. b4 Qd3 32. Kg2 Qe4 33. Qf8 b5
34. Qh6+ Ke7 35. Qxh7 Kd6 36. Qg7 Kd5 37. Qf8 Kc4 38. Qc5+ Kd3 39. Qxb5+ Kxc3
40. Qc5+ Kd3 41. b5 Nb4 42. b6 f4 43. Qd6+ Nd5 44. b7 Ke2 45. Qa6+ 1-0